Estadísticas para Ciudades de la Región Pokémon de Almia en el Mapa

Haz click aquí para intentar la prueba.

Estadísticas generales

  • Esta prueba ha sido intentada 30 veces
  • La puntuación promedio es 3 de 10

Respuestas en el mapa

Las respuestas están codificadas por una escala verde-roja en el mapa de la prueba según el % correcto abajo.
 

Estadísticas de respuestas

Respuesta% Correcto
Pueblo Chicole
53%
Arena de Captura
40%
Escuela Ranger
40%
Portópolis
40%
Estación Álgida
27%
Hervia
27%
Unión Ranger
27%
Ventópolis
27%
Altru S.A.
20%
Pueblo Haruba
20%

Distribución de puntuación

Porcentaje por número respondido

Porcentaje de gente con cada puntuación

Historial de tus puntuaciones

No has intentado esta prueba.